| 000 | 00605nam a2200181Ia 4500 | ||
|---|---|---|---|
| 008 | 100921s9999 xx 000 0 und d | ||
| 082 |
_b11569 _a891.462 थ 76 |
||
| 100 | _aकालेलकर मधुसूदन. | ||
| 245 | _aतो राजहंस एक. | ||
| 260 |
_bमहाजनी ह.रा.प्रकाशन,मुंबई. _c1976 |
||
| 300 |
_a92 _b--- |
||
| 365 | _b8 | ||
| 520 | _aललित-नाटके. | ||
| 630 | _aतो राजहंस एक. | ||
| 650 | _aललित-नाटके. | ||
| 730 | _aतो राजहंस एक. | ||
| 942 | _cBOOK | ||
| 999 |
_c760682 _d760679 |
||